Sbírka řešených příkladů z matematiky. Logika a množiny, lineární a vektorová algebra, analytická geometrie, ... /

Salvato in:
Dettagli Bibliografici
Autori principali: Jirásek, František (Autore), Kriegelstein, Eduard (Autore), Tichý, Zdeněk (Autore)
Natura: Libro
Lingua:ceco
Pubblicazione: Praha : SNTL, 1982
Edizione:2.vyd.
Tags: Aggiungi Tag
Nessun Tag, puoi essere il primo ad aggiungerne!!

MARC

LEADER 00000nam a22000003a 4500
001 stu702
005 20150617225618.3
008 910614s1982----cs------------------cze-d
040 |a STU  |b slo 
041 0 |a cze 
044 |a cs 
080 |a 51(076.2)  |7 stu_us_auth*stu8223 
100 1 |a Jirásek, František  |4 aut 
245 1 |a Sbírka řešených příkladů z matematiky. Logika a množiny, lineární a vektorová algebra, analytická geometrie, ... /  |c [aut.] Jirásek,František; Kriegelstein,Eduard; Tichý,Zdeněk 
250 |a 2.vyd. 
260 |a Praha :  |b SNTL,  |c 1982 
300 |a 817 s 
700 1 |a Kriegelstein, Eduard  |4 aut 
700 1 |a Tichý, Zdeněk  |4 aut 
996 |b E73881  |c E*73881  |l EE09  |s P  |a 0  |w stu702_0001